| 000 | 01149na a2200361 4500 | ||
|---|---|---|---|
| 001 | 22769 | ||
| 003 | MIRAKIL | ||
| 005 | 20181213154906.0 | ||
| 008 | 170224b tu 000 0 | ||
| 040 |
_aMilas _btur _cTR-AnCHP |
||
| 041 | _atur | ||
| 082 |
_aCHP 330.9561 _bC36e 1995/12 |
||
| 090 | _aCHP 330.9561 C36e 1995/12 | ||
| 091 | _aEKONOMİ 1 | ||
| 110 |
_aCumhuriyet Halk Partisi (CHP) _bAraştırma ve Proje Merkezi (APM) |
||
| 222 | _aEkonomi raporları | ||
| 245 |
_aVergi politikası ön raporu _chazırlayan Adnan Başer kafaoğlu |
||
| 246 | _aVergi raporu | ||
| 260 |
_aAnkara _bCHP _cAralık 1995 |
||
| 300 |
_a5 yaprak _c30 sm. |
||
| 440 |
_aCumhuriyet Halk Partisi yayınları _pRaporlar |
||
| 490 | _aAraştırma ve Proje Merkezi (APM) | ||
| 610 |
_aCHP _xEkonomi _yÖn raporlar |
||
| 610 |
_aCHP _xVergi politikaları _yÖn raporlar |
||
| 650 |
_aVergiler ve vergilendirme _xRaporlar _zTürkiye |
||
| 657 | _aCHP ekonomi raporu | ||
| 657 | _aCHP vergi ön raporu | ||
| 700 | _aKafaoğlu, Adanan Başer | ||
| 740 | _aEkonomi raporları | ||
| 830 | _aCHP raporları | ||
| 942 |
_2ddc _cBKS |
||
| 999 |
_c2689 _d2689 |
||